00489 a2200169 4500999001900000001000600019003000500025082001500030100003100045245003500076250001100111260003900122300001000161500001800171942003400189952009600223 c325359d32535990286NUST a297.23 AMI aAmir Layaqat Hussain99812 aAsar e Qayamat 1(Voll 2)hUrdu aVoll 2 aLahorebAlhamad Publicationsc2013 a320p. aGeneral Books aCAE NUSTcBKk297.23 AMI2ddc 001040708NFICaCAEbCAEd2017-04-03l0o297.23 AMIpCAE86216r2017-04-05w2017-04-05yBK